[Event "Pardubice Czech op-B 28th"]
[Site "Pardubice"]
[Date "2017.07.24"]
[Round "4"]
[White "Gantar, Jan"]
[Black "Urh, Zala"]
[Result "1-0"]
[WhiteElo "2206"]
[BlackElo "2088"]
[PlyCount "73"]
[EventDate "2017.07.21"]
[EventType "swiss"]
[EventRounds "9"]
[EventCountry "CZE"]
[SourceTitle "CBM 179 Extra"]
[Source "ChessBase"]
[SourceDate "2017.08.23"]
[SourceVersion "1"]
[SourceVersionDate "2017.08.23"]
[SourceQuality "1"]

1. e4 e5 2. Nf3 Nc6 3. Nc3 Nf6 4. g3 Bc5 5. Bg2 0-0 6. 0-0 d6 7. d3 Be6 8. h3 Nd4 9. Na4 Nxf3+ 10. Qxf3 Bb6 11. Nxb6 axb6 12. c4 Qd7 13. Kh2 b5 14. Qe2 bxc4 15. dxc4 Qc6 16. b3 Rfb8 17. a4 Qb6 18. Qc2 c6 19. f4 Qc7 20. Bb2 Rc8 21. c5 Ne8 22. cxd6 Qxd6 23. Bxe5 Qb4 24. Rab1 b5 25. f5 Bd7 26. Rfd1 Qe7 27. Bc3 b4 28. Bxb4 Qxb4 29. Rxd7 Nf6 30. Rd2 Re8 31. Rbd1 Rab8 32. Qxc6 Qxb3 33. a5 Qe3 34. Rd3 Qf2 35. e5 Rxe5 36. Rd8+ Re8 37. Qxe8+ 1-0

[Event "Pardubice Czech op-B 28th"]
[Site "Pardubice"]
[Date "2017.07.23"]
[Round "3"]
[White "Mulenko, Alexander"]
[Black "Gantar, Jan"]
[Result "0-1"]
[WhiteElo "2050"]
[BlackElo "2206"]
[PlyCount "110"]
[EventDate "2017.07.21"]
[EventType "swiss"]
[EventRounds "9"]
[EventCountry "CZE"]
[SourceTitle "CBM 179 Extra"]
[Source "ChessBase"]
[SourceDate "2017.08.23"]
[SourceVersion "1"]
[SourceVersionDate "2017.08.23"]
[SourceQuality "1"]

1. d4 Nf6 2. c4 c5 3. d5 e6 4. Nc3 exd5 5. cxd5 d6 6. Nf3 g6 7. Bf4 Bg7 8. Qa4+ Bd7 9. Qb3 Qc7 10. e4 0-0 11. Nd2 Nh5 12. Be3 f5 13. exf5 Bxf5 14. Be2 Nf6 15. 0-0 Nbd7 16. Nc4 a6 17. a4 Ng4 18. Bd2 Nde5 19. h3 Nxc4 20. Bxc4 Ne5 21. Nd1 Bxh3 22. Qxh3 Nxc4 23. Bc3 Qc8 24. Qh4 Ne5 25. Ne3 b5 26. axb5 axb5 27. Rxa8 Qxa8 28. Qe7 b4 29. Bxe5 Bxe5 30. Nc4 Qxd5 31. Nb6 Qf7 32. Qh4 Rb8 33. Nc4 Qf4 34. Qxf4 Bxf4 35. g3 Be5 36. Nxe5 dxe5 37. Re1 Re8 38. Rc1 Rc8 39. Re1 c4 40. Rxe5 c3 41. bxc3 bxc3 42. Re1 Kf7 43. Kf1 Kf6 44. Rc1 Ke5 45. Ke2 Kd4 46. Ra1 Re8+ 47. Kd1 Kd3 48. Ra3 g5 49. Ra2 h5 50. f3 Rb8 51. Kc1 h4 52. gxh4 gxh4 53. Rh2 Ra8 54. Kb1 c2+ 55. Kb2 Rb8+ 0-1

[Event "Pardubice Czech op-B 28th"]
[Site "Pardubice"]
[Date "2017.07.22"]
[Round "2"]
[White "Gantar, Jan"]
[Black "Chekletsov, Egor"]
[Result "1-0"]
[WhiteElo "2206"]
[BlackElo "1999"]
[PlyCount "101"]
[EventDate "2017.07.21"]
[EventType "swiss"]
[EventRounds "9"]
[EventCountry "CZE"]
[SourceTitle "CBM 179 Extra"]
[Source "ChessBase"]
[SourceDate "2017.08.23"]
[SourceVersion "1"]
[SourceVersionDate "2017.08.23"]
[SourceQuality "1"]

1. e4 c5 2. Ne2 e6 3. Nbc3 a6 4. d4 cxd4 5. Nxd4 Qc7 6. g3 Nf6 7. Bg2 Nc6 8. 0-0 h5 9. Re1 Nxd4 10. Qxd4 Bc5 11. Bf4 d6 12. Qd2 Ng4 13. Rf1 Ne5 14. Na4 Ba7 15. b3 Bd7 16. Nb2 Bc6 17. Be3 Bxe3 18. Qxe3 0-0 19. Nd3 Nxd3 20. cxd3 Qe7 21. d4 Rac8 22. Rfc1 Bd7 23. e5 d5 24. a3 Rxc1+ 25. Qxc1 Rc8 26. Qb2 Qd8 27. Rc1 Rxc1+ 28. Qxc1 Qb6 29. Qc3 Qc6 30. Qxc6 Bxc6 31. Kf1 Bb5+ 32. Ke1 a5 33. Kd2 Kf8 34. Ke3 g6 35. Kf4 Kg7 36. Kg5 Be2 37. f3 b6 38. h3 Bd1 39. b4 axb4 40. axb4 Be2 41. g4 hxg4 42. fxg4 Bd3 43. Bf3 Bf1 44. h4 Bd3 45. h5 gxh5 46. gxh5 Be4 47. Be2 Bf5 48. h6+ Kg8 49. Bh5 Be4 50. Kf6 Kh7 51. Bxf7 1-0

[Event "Ljubljana-chT 70th"]
[Site "Ljubljana"]
[Date "2017.03.09"]
[Round "7.1"]
[White "Gantar, Jan"]
[Black "Drnovsek, Gal"]
[Result "0-1"]
[WhiteElo "2231"]
[BlackElo "2424"]
[PlyCount "124"]
[EventDate "2017.01.12"]
[EventType "team-tourn"]
[EventRounds "9"]
[EventCountry "SLO"]
[SourceTitle "EXT 2019"]
[Source "ChessBase"]
[SourceDate "2018.10.10"]
[SourceVersion "1"]
[SourceVersionDate "2018.10.10"]
[SourceQuality "1"]
[WhiteTeam "Komenda Popotnik"]
[BlackTeam "Mentor"]
[WhiteTeamCountry "SLO"]
[BlackTeamCountry "SLO"]

1. e4 c5 2. Ne2 d6 3. Nbc3 Nf6 4. d4 cxd4 5. Nxd4 a6 6. h3 e6 7. g4 Be7 8. Bg2 Nfd7 9. Nce2 Qc7 10. 0-0 Nc6 11. c3 0-0 12. f4 Na5 13. f5 e5 14. Nc2 Qd8 15. b3 b5 16. Be3 Bb7 17. Nb4 Nc6 18. Nd5 Bh4 19. Qd2 Ne7 20. Nxe7+ Bxe7 21. g5 f6 22. h4 Qc8 23. Kh2 Rd8 24. Ng3 Bc6 25. g6 Qb7 26. gxh7+ Kh8 27. c4 Nc5 28. Qc2 Rac8 29. Bxc5 dxc5 30. Ne2 b4 31. Rad1 a5 32. Rxd8+ Rxd8 33. Ng3 Qd7 34. Qe2 Qd2 35. Rf2 Qc1 36. Qg4 a4 37. Qe2 Qc3 38. Rf3 Qd2 39. Re3 Be8 40. bxa4 Bxa4 41. Nf1 Qc1 42. Bf3 Rd4 43. Qg2 Be8 44. Be2 Qb2 45. Bd3 Qxg2+ 46. Kxg2 Bf7 47. Nd2 Rd8 48. Nb3 Kxh7 49. h5 Kh6 50. Rh3 Ra8 51. Nc1 Be8 52. Bc2 Bc6 53. Kf2 Bf8 54. Bb1 Ra7 55. Ke2 Be8 56. Bc2 Bxh5+ 57. Ke3 Kg5 58. Rg3+ Kh4 59. Rg1 g6 60. Rh1+ Kg3 61. fxg6 Bh6+ 62. Kd3 Rd7# 0-1

[Event "Ljubljana-chT 70th"]
[Site "Ljubljana"]
[Date "2017.02.09"]
[Round "4.2"]
[White "Gantar, Jan"]
[Black "Justin, Matjaz"]
[Result "0-1"]
[WhiteElo "2231"]
[BlackElo "2273"]
[PlyCount "54"]
[EventDate "2017.01.12"]
[EventType "team-tourn"]
[EventRounds "9"]
[EventCountry "SLO"]
[SourceTitle "EXT 2019"]
[Source "ChessBase"]
[SourceDate "2018.10.10"]
[SourceVersion "1"]
[SourceVersionDate "2018.10.10"]
[SourceQuality "1"]
[WhiteTeam "Komenda Popotnik"]
[BlackTeam "Vrhnika"]
[WhiteTeamCountry "SLO"]
[BlackTeamCountry "SLO"]

1. e4 c5 2. Ne2 e6 3. Nbc3 a6 4. d4 cxd4 5. Nxd4 d6 6. g3 b5 7. Bg2 Bb7 8. 0-0 Nd7 9. Re1 Qc7 10. a3 Be7 11. f4 h5 12. Qe2 Ngf6 13. h3 Nb6 14. e5 dxe5 15. Qxe5 Bd6 16. Qg5 Bc5 17. Be3 Bxg2 18. Qxg7 0-0-0 19. Qxf6 Bxh3 20. Kh2 Bg4 21. Bf2 h4 22. gxh4 Nd7 23. Qxf7 Rdf8 24. Qg7 Qxf4+ 25. Bg3 Rxh4+ 26. Kg2 Bf3+ 27. Nxf3 Qxf3# 0-1

[Event "SLO-chT Central Superliga 17th"]
[Site "Slovenia"]
[Date "2016.11.17"]
[Round "8.1"]
[White "Gantar, Jan"]
[Black "Jelen, Igor"]
[Result "1/2-1/2"]
[WhiteElo "2233"]
[BlackElo "2402"]
[PlyCount "69"]
[EventDate "2016.09.22"]
[EventType "team-tourn"]
[EventRounds "9"]
[EventCountry "SLO"]
[SourceTitle "EXT 2023"]
[Source "ChessBase"]
[SourceDate "2022.10.05"]
[SourceVersion "1"]
[SourceVersionDate "2022.10.05"]
[SourceQuality "1"]
[WhiteTeam "Komenda Popotnik"]
[BlackTeam "Ig"]
[WhiteTeamCountry "SLO"]
[BlackTeamCountry "SLO"]

1. e4 c5 2. Ne2 Nc6 3. Nbc3 Nf6 4. d4 cxd4 5. Nxd4 e5 6. Ndb5 d6 7. Bg5 a6 8. Na3 b5 9. Bxf6 gxf6 10. Nd5 f5 11. c3 Bg7 12. exf5 Bxf5 13. Nc2 Be6 14. g3 0-0 15. Bg2 a5 16. 0-0 f5 17. Qh5 b4 18. Rfd1 bxc3 19. bxc3 Rb8 20. Nce3 Kh8 21. Rd2 Bf7 22. Qh3 Bg6 23. Rad1 Na7 24. f4 e4 25. g4 fxg4 26. Qxg4 Qe8 27. Rc1 Bh5 28. Qh4 Bf3 29. Qh3 Nb5 30. Bxf3 exf3 31. Qxf3 Rc8 32. Rdc2 Qf7 33. a4 Nc7 34. Nxc7 Rxc7 35. Kh1 1/2-1/2